000 00747nam a2200253Ia 4500
003 GCL
005 20240530102249.0
008 140319s9999 xx 000 0 ara d
040 _aGCL /
_cGCL
082 0 4 _aق
_b370.1
_bم ا
100 1 _aمحسن خضر
245 1 0 _a00000000000000000
_cمحسن خضر
260 _a[S.N] :
_bالهيئة المصرية العامة للكتاب ،
_c1992
300 _a199 ص
650 0 4 _aمصر
650 0 4 _aالتعليم
650 0 4 _aالمناهج
650 0 4 _aالتخطيط التربوى
650 0 4 _aثورة 23 يوليو 1952
650 0 4 _aالقومية العربية
650 0 4 _aالقومية والتعليم
650 0 4 _aجمال عبدالناصر
942 _2ddc
_cBK
999 _c31002
_d31002